000 00431nam a2200157Ia 4500
008 151213s9999 xx 000 0 und d
020 _a0-87207-295-9
100 _aCathy M. Poller
245 _aLearning to Reading
_cCathy M. Poller
260 _aNew York
_bInternational Reading Association
_c2001
300 _a6496 p.
650 _aEnglish Language
650 _aEnglish Language
700 _aCathy M. Poller
999 _c3586
_d3586